000 00411nam a2200133Ia 4500
005 20260328104336.0
008 260328s9999||||xx |||||||||||||| ||und||
100 _aSociedad Colombiana de Arquitectos
245 0 _aXXVI Bienal Colombiana de Arquitectura y Urbanismo /
_cSociedad Colombiana de Arquitectos
260 _bSociedad Colombiana de Arquitectos
300 _a400 p.
650 _aCOLOMBIA
942 _cBK
999 _c11909
_d11909